02163cam a22003258i 450000100090000000300090000900500170001800800410003502000300007604000380010608200190014424500600016326401040022330000460032733600260037333700280039933800270042750003460045450502290080052004380102965000330146765000480150065300170154865500170156570000280158290600450161094200120165599900170166795201530168420581599EG-ScBUE20230511124436.0180713s2018 ilua f 000 0 eng d a9783791358024 (paperback) aDLCbengerdacDLCdDLCdEG-ScBUE04a701.1222bIWA00aI was raised on the Internet /cedited by Omar Kholeif. 1aChicago, IL :bMuseum of Contemporary Art ;aMunich ;aNew York :bDelMonico Books·Prestel,c2018. a183 pages :bcolor illustrations ;c24 cm atextbtxt2rdacontent aunmediatedbn2rdamedia avolumebnc2rdacarrier a"This book is published on the occasion of the exhibition I Was Raised on the Internet, organized by the Museum of Contemporary Art Chicago, curated by Omar Kholeif, former Manilow Senior Curator and Director of Global Initiatives, and presented in the Griffin Galleries of Contemporary Art and the Turner Gallery, June 23-October 14, 2018."2 aEssays. I Have Nothing to Say and I'm Saying It : Corporate Turns on the Internet / by Michael Connor -- The Relatable Web / Orit Gat -- Provocations. Untitled / by DIS -- Being and Continuation : An Addendum / by Aria Dean. a"A speculative reader about contemporary artists engaging with digital technology. Includes essays by Michael Connor, James Bridle, Cadence Kinsey, Nina Wexelblatt, and Orit Gat and short provocations by DIS, Olia Lialina, Joanne McNeil, Monira Al Qadiri, Trevor Paglen, Simon Denny, Jeremy Bailey, Heather Phillipson, Martine Syms, Jon Thomson and Alison Craighead, Jared Quinton, Zach Blas, and Aria Dean"--cProvided by publisher. 7aArt and the Internet.2BUEsh 7aDigital electronicsxSocial aspects.2BUEsh bARTcMay2023 vReading book1 aKholeif, Omar,eeditor. a7bripcorignewd1eecipf20gy-gencatlg 2ddccBB c30339d30310 00102ddc40708BaccahaMAINbMAINc2NDd2023-05-11ePurchaseg828.00h37380l0o701.1 IWAp000044993r2025-07-15 00:00:00v1035.00w2023-05-11yBB